[Event "Joao Pessoa de Assis Memorial 2nd"]
[Site "Joao Pessoa"]
[Date "2022.10.22"]
[Round "3"]
[White "De Lima, Theo Magalhaes"]
[Black "De Oliveira, Daniel Paiva"]
[Result "0-1"]
[WhiteElo "1694"]
[BlackElo "2019"]
[PlyCount "132"]
[EventDate "2022.10.21"]
[EventType "swiss"]
[EventRounds "6"]
[EventCountry "BRA"]
[SourceTitle "CBM 210 Extra"]
[Source "ChessBase"]
[SourceDate "2022.11.30"]
[SourceVersion "1"]
[SourceVersionDate "2022.11.30"]
[SourceQuality "1"]

1. d4 Nf6 2. c4 e6 3. Nc3 Bb4 4. a3 Bxc3+ 5. bxc3 c5 6. Nf3 0-0 7. Bg5 Qa5 8. Qc2 Ne4 9. Bd2 f5 10. e3 b6 11. d5 Ba6 12. Bd3 Nf6 13. Ne5 exd5 14. cxd5 c4 15. Be2 Qxd5 16. f4 Ne4 17. Rd1 d6 18. Nf3 Bb7 19. Bc1 Qc5 20. Nd4 Bd5 21. Bf3 g6 22. g4 Nd7 23. gxf5 Rae8 24. Ne6 Rxe6 25. fxe6 Ndf6 26. Rd4 Nxc3 27. Bxd5 Ncxd5 28. Qxc4 Qxc4 29. Rxc4 Re8 30. 0-0 Rxe6 31. Re1 Ne4 32. Rd1 Ndf6 33. Bb2 Ng4 34. Bd4 h5 35. Rc8+ Kf7 36. Rc7+ Re7 37. Rxe7+ Kxe7 38. Rd3 h4 39. Bg7 h3 40. Bd4 Ngf2 41. Rb3 Nd2 42. Rb2 Nfe4 43. a4 Nc4 44. Rb4 d5 45. Kf1 Kd6 46. Ke2 Ncd2 47. Rb2 Nc4 48. Rc2 a6 49. Kf3 Ned2+ 50. Kg4 b5 51. axb5 axb5 52. Kg5 b4 53. Be5+ Ke6 54. Kxg6 Nxe5+ 55. fxe5 Nc4 56. Kg5 Kxe5 57. Kh4 b3 58. Rc3 Nd2 59. Rc8 b2 60. Re8+ Kf5 61. Rb8 b1Q 62. Rxb1 Nxb1 63. Kxh3 Ke4 64. Kg2 Nc3 65. h4 Kxe3 66. h5 Ne4 0-1

[Event "Joao Pessoa Fischer Memorial 11th"]
[Site "Joao Pessoa"]
[Date "2022.05.08"]
[Round "6"]
[White "Oliveira, Ornan Filipe de Ara"]
[Black "De Lima, Theo Magalhaes"]
[Result "1-0"]
[WhiteElo "1775"]
[BlackElo "1542"]
[PlyCount "33"]
[EventDate "2022.05.06"]
[EventType "swiss"]
[EventRounds "6"]
[EventCountry "BRA"]
[SourceTitle "EXT 2023"]
[Source "ChessBase"]
[SourceDate "2022.10.05"]
[SourceVersion "1"]
[SourceVersionDate "2022.10.05"]
[SourceQuality "1"]

1. d4 d5 2. Bf4 Nf6 3. Nf3 Bf5 4. e3 e6 5. c4 c5 6. cxd5 Nxd5 7. Bxb8 Qa5+ 8. Nbd2 Rxb8 9. Be2 Qb4 10. 0-0 Qxb2 11. Qa4+ Ke7 12. Qxa7 Rc8 13. e4 Nf4 14. Bc4 Bxe4 15. Nxe4 cxd4 16. Rab1 Qc2 17. Rxb7+ 1-0

[Event "Florianopolis op 7th"]
[Site "Florianopolis"]
[Date "2021.01.23"]
[Round "8"]
[White "Carmo, Jose Arlindo"]
[Black "De Lima, Theo Magalhaes"]
[Result "1-0"]
[WhiteElo "1670"]
[BlackElo "1433"]
[PlyCount "27"]
[EventDate "2021.01.18"]
[EventType "swiss"]
[EventRounds "10"]
[EventCountry "BRA"]
[SourceTitle "CBM 200 Extra"]
[Source "ChessBase"]
[SourceDate "2021.03.31"]
[SourceVersion "1"]
[SourceVersionDate "2021.03.31"]
[SourceQuality "1"]

1. e4 e5 2. Nf3 Nc6 3. Bc4 Bc5 4. c3 Nf6 5. b4 Bd6 6. d3 h6 7. 0-0 0-0 8. a4 a6 9. Nh4 Nxe4 10. Ng6 Re8 11. dxe4 Qf6 12. Qh5 Kh7 13. Nh4 g6 14. Qxh6+ 1-0

[Event "Florianopolis op 7th"]
[Site "Florianopolis"]
[Date "2021.01.19"]
[Round "3"]
[White "De Lima, Theo Magalhaes"]
[Black "Dias, Marcelo de Souza"]
[Result "0-1"]
[WhiteElo "1433"]
[BlackElo "1876"]
[PlyCount "80"]
[EventDate "2021.01.18"]
[EventType "swiss"]
[EventRounds "10"]
[EventCountry "BRA"]
[SourceTitle "CBM 200 Extra"]
[Source "ChessBase"]
[SourceDate "2021.03.31"]
[SourceVersion "1"]
[SourceVersionDate "2021.03.31"]
[SourceQuality "1"]

1. e4 g6 2. d4 Bg7 3. c4 c5 4. d5 d6 5. Nc3 Nf6 6. Nf3 0-0 7. Bd3 e6 8. h3 exd5 9. cxd5 a6 10. 0-0 b5 11. Re1 Bb7 12. Bf4 Nh5 13. Bh2 b4 14. Na4 a5 15. Rb1 Re8 16. b3 Qc7 17. Nb2 Nd7 18. Nc4 Ra6 19. Qe2 Bc3 20. Red1 f5 21. Ne3 fxe4 22. Bxa6 exf3 23. gxf3 Bxa6 24. Qxa6 Ne5 25. Qe2 Qf7 26. Kg2 Rf8 27. Kf1 Nxf3 28. Bxd6 Nd4 29. Rxd4 cxd4 30. Ng4 Qxd5 31. Nh6+ Kg7 32. Bxf8+ Kxf8 33. Kg1 d3 34. Qe3 Bd4 35. Qd2 Qf3 36. Rc1 Nf4 37. Rc8+ Kg7 38. Nf5+ gxf5 39. Rc7+ Kg6 40. Rc6+ Kh5 0-1

[Event "Recife Akasaka Cup 7th"]
[Site "Recife"]
[Date "2019.04.12"]
[Round "2"]
[White "Rocha, Leonardo Vinicius G"]
[Black "De Lima, Theo Magalhaes"]
[Result "1/2-1/2"]
[WhiteElo "1610"]
[BlackElo "1258"]
[PlyCount "39"]
[EventDate "2019.04.12"]
[EventType "swiss"]
[EventRounds "6"]
[EventCountry "BRA"]
[SourceTitle "CBM 189 Extra"]
[Source "ChessBase"]
[SourceDate "2019.06.03"]
[SourceVersion "1"]
[SourceVersionDate "2019.06.03"]
[SourceQuality "1"]

1. d4 Nf6 2. c4 e5 3. dxe5 Ng4 4. Nf3 Nc6 5. a3 Bc5 6. e3 Ngxe5 7. Be2 0-0 8. 0-0 d6 9. b4 Bb6 10. Bb2 Re8 11. Nbd2 Be6 12. Rc1 a6 13. Nb3 f6 14. Nbd4 Nxd4 15. exd4 Nxf3+ 16. Bxf3 c6 17. d5 Bd7 18. Qb3 Rc8 19. dxc6 bxc6 20. Bxc6 1/2-1/2

[Event "Fortaleza Schoonenborch U1900 6th"]
[Site "Fortaleza"]
[Date "2019.03.10"]
[Round "6.9"]
[White "Brandao, Joao Marcus Da Cost"]
[Black "De Lima, Theo Magalhaes"]
[Result "0-1"]
[WhiteElo "1500"]
[BlackElo "1258"]
[PlyCount "47"]
[EventDate "2019.03.07"]
[EventType "swiss"]
[EventRounds "6"]
[EventCountry "BRA"]
[SourceTitle "EXT 2022"]
[Source "ChessBase"]
[SourceDate "2021.10.06"]
[SourceVersion "1"]
[SourceVersionDate "2021.10.06"]
[SourceQuality "1"]

1. e4 c5 2. Nf3 Nc6 3. d4 cxd4 4. Nxd4 g6 5. Nc3 Bg7 6. Be3 Nf6 7. h3 0-0 8. Qd2 a6 9. 0-0-0 Nxd4 10. Bxd4 b5 11. Kb1 b4 12. Nd5 Nxe4 13. Qf4 Bxd4 14. Qxe4 Bc5 15. Nxe7+ Qxe7 16. Qxa8 Bxf2 17. Bxa6 Qc5 18. Rd5 Bxa6 19. Rxc5 Rxa8 20. Ra5 Bb6 21. Ra4 Bc5 22. Re1 Kg7 23. Ra5 d6 24. Re7 0-1

[Event "Fortaleza Schoonenborch U1900 6th"]
[Site "Fortaleza"]
[Date "2019.03.08"]
[Round "2.9"]
[White "Nunes, Moezio Correia"]
[Black "De Lima, Theo Magalhaes"]
[Result "1-0"]
[WhiteElo "1736"]
[BlackElo "1258"]
[PlyCount "79"]
[EventDate "2019.03.07"]
[EventType "swiss"]
[EventRounds "6"]
[EventCountry "BRA"]
[SourceTitle "EXT 2022"]
[Source "ChessBase"]
[SourceDate "2021.10.06"]
[SourceVersion "1"]
[SourceVersionDate "2021.10.06"]
[SourceQuality "1"]

1. e4 c5 2. b4 cxb4 3. d4 d5 4. e5 Nc6 5. a3 Qb6 6. Nf3 Bg4 7. Be3 e6 8. axb4 Bxb4+ 9. c3 Ba5 10. Bd3 Nge7 11. 0-0 0-0 12. Bxh7+ Kh8 13. Bd3 Nf5 14. Bd2 Nh4 15. Na3 Nxf3+ 16. gxf3 Bh3 17. Re1 a6 18. Kh1 Qd8 19. Rg1 f6 20. f4 Bf5 21. Qh5+ Kg8 22. Bxf5 exf5 23. Rg6 Qd7 24. Rag1 Rf7 25. Rh6 Kf8 26. Rh8+ Ke7 27. Rxa8 Nd8 28. Qh8 Qa4 29. exf6+ gxf6 30. Re1+ Kd7 31. Qe8+ Kd6 32. Qxa4 Bc7 33. Qe8 Rd7 34. c4 dxc4 35. Nxc4+ Kc6 36. d5+ Kxd5 37. Qxd7+ Kxc4 38. Qxc7+ Kb3 39. Qc3+ Ka2 40. Ra1# 1-0

[Event "Fortaleza Schoonenborch U1900 6th"]
[Site "Fortaleza"]
[Date "2019.03.07"]
[Round "1.10"]
[White "De Lima, Theo Magalhaes"]
[Black "Rocancourt Moreira, Mauricio"]
[Result "1/2-1/2"]
[WhiteElo "1258"]
[BlackElo "1753"]
[PlyCount "100"]
[EventDate "2019.03.07"]
[EventType "swiss"]
[EventRounds "6"]
[EventCountry "BRA"]
[SourceTitle "EXT 2022"]
[Source "ChessBase"]
[SourceDate "2021.10.06"]
[SourceVersion "1"]
[SourceVersionDate "2021.10.06"]
[SourceQuality "1"]

1. e4 c5 2. Nf3 e6 3. d4 cxd4 4. Nxd4 a6 5. c4 Nf6 6. Nc3 Bb4 7. f3 Qc7 8. Bd2 Nc6 9. Nxc6 dxc6 10. a3 Be7 11. Be2 0-0 12. 0-0 e5 13. b4 Rd8 14. Qc2 Be6 15. Rad1 Ne8 16. c5 Rd7 17. f4 f6 18. f5 Bf7 19. Be3 Rad8 20. Na4 Rxd1 21. Bxd1 Bf8 22. Nb6 Qe7 23. a4 Nc7 24. Bf3 g6 25. Rd1 gxf5 26. exf5 Nd5 27. Nxd5 Bxd5 28. Bxd5+ Rxd5 29. Rxd5 cxd5 30. Qd3 Qd7 31. Qc2 d4 32. Bf2 Qd5 33. Qd3 a5 34. Be1 axb4 35. Bxb4 e4 36. Qg3+ Kf7 37. Qc7+ Be7 38. c6 Qd8 39. Qxd8 Bxd8 40. cxb7 Bc7 41. a5 Ke8 42. a6 d3 43. Kf2 Kd7 44. a7 Bb6+ 45. Ke1 Bxa7 46. Bc3 Ke7 47. Bb4+ Kd7 48. Bc3 Ke7 49. Bb4+ Kd7 50. Bc3 Ke7 1/2-1/2

[Event "Rio Grande do Norte zt"]
[Site "Natal"]
[Date "2018.09.07"]
[Round "1"]
[White "Rocha, Vitor Firmo de Souz"]
[Black "De Lima, Theo Magalhaes"]
[Result "1-0"]
[WhiteElo "2217"]
[BlackElo "1208"]
[PlyCount "87"]
[EventDate "2018.09.07"]
[EventType "swiss"]
[EventRounds "5"]
[EventCountry "BRA"]
[SourceTitle "CBM 187 Extra"]
[Source "ChessBase"]
[SourceDate "2018.11.04"]
[SourceVersion "1"]
[SourceVersionDate "2018.11.04"]
[SourceQuality "1"]

1. e4 e6 2. d4 d5 3. Nd2 c5 4. dxc5 Bxc5 5. Nb3 Bb6 6. exd5 exd5 7. Nf3 Nc6 8. Be2 Nf6 9. 0-0 0-0 10. Bg5 Be6 11. Nfd4 Nxd4 12. Nxd4 Rc8 13. c3 h6 14. Bh4 Bxd4 15. Qxd4 b6 16. Bxf6 Qxf6 17. Qxf6 gxf6 18. Rfd1 Rcd8 19. Rd4 Rfe8 20. Kf1 Kg7 21. Rad1 Re7 22. Bb5 Kg6 23. c4 Bd7 24. Rxd5 Bxb5 25. Rxd8 Bxc4+ 26. Kg1 Bxa2 27. f3 Re2 28. R8d2 Re5 29. Ra1 Ra5 30. b4 Ra4 31. Raxa2 Rxb4 32. Rxa7 b5 33. Kf2 Rc4 34. Rb7 b4 35. Rdd7 Rc2+ 36. Kg3 Rb2 37. Rxf7 b3 38. Rfe7 Rb1 39. Re3 b2 40. Reb3 Rc1 41. Rxb2 Kg5 42. h4+ Kh5 43. R2b5+ Kg6 44. h5# 1-0

[Event "Pan American-ch U08"]
[Site "Santiago de Chile"]
[Date "2018.07.23"]
[Round "3"]
[White "De Lima, Theo Magalhaes"]
[Black "Mendoza Insunza, Miguel Angel"]
[Result "0-1"]
[WhiteElo "1293"]
[BlackElo "1113"]
[PlyCount "52"]
[EventDate "2018.07.22"]
[EventType "swiss"]
[EventRounds "9"]
[EventCountry "CHI"]
[SourceTitle "EXT 2022"]
[Source "ChessBase"]
[SourceDate "2021.10.06"]
[SourceVersion "1"]
[SourceVersionDate "2021.10.06"]
[SourceQuality "1"]

1. e4 d6 2. d4 Nf6 3. Nc3 g6 4. Nf3 Bg7 5. Bd2 0-0 6. Bc4 e6 7. 0-0 d5 8. exd5 exd5 9. Bb3 Be6 10. Qe2 Re8 11. Ne5 Nc6 12. Nxc6 bxc6 13. Qa6 Ne4 14. Nxe4 dxe4 15. Qxc6 Bxb3 16. axb3 Bxd4 17. Bc3 e3 18. Rfd1 e2 19. Rxd4 Qxd4 20. Qxa8 Qd1+ 21. Be1 Rxa8 22. Rxd1 exd1Q 23. Kf1 Re8 24. g3 Rxe1+ 25. Kg2 Rg1+ 26. Kh3 Qh5# 0-1